000
02545nas a22001697a 4500
008
210325b th ||||| |||| 00| 0 tha d
022
_a
15136378
041
0
_a
tha
245
1
0
_a
นิตยสารเทคโนโลยีเกษตรแนวใหม่
260
3
_b
บริษัทเอเชียแปซิฟิคออฟเซ็ท จำกัด
310
_a
รายเดือน
850
_a
NALT
942
_c
JNR
997
_c
41085
999
_c
81085
_d
81085